书目信息 |
| 题名: |
微机文书编辑汉字WORDSTAR教程
|
|
| 作者: | 王亚平 编著 | |
| 分册: | ||
| 出版信息: | 西安 陕西电子编辑部 |
|
| 页数: | 196页 | |
| 开本: | 26cm | |
| 丛书名: | ||
| 单 册: | ||
| 中图分类: | TP319 | |
| 科图分类: | ||
| 主题词: | 软件 | |
| 电子资源: | ||
| ISBN: | 7-5606-0225-8 | |
| 000 | 00698nam0 2200205 450 | |
| 001 | 0836592877 | |
| 005 | 20081030101357.53 | |
| 010 | @a7-5606-0225-8@dCNY13.80 | |
| 100 | @a20081030d km y0chiy0120 ea | |
| 101 | 0 | @achi |
| 102 | @aCN@b610000 | |
| 200 | 1 | @a微机文书编辑汉字WORDSTAR教程@Awei ji wen shu bian ji han zi WORDSTAR jiao cheng@e办公室自动化必备软件@f王亚平编著@Fwang ya ping bian zhu |
| 210 | @a西安@c陕西电子编辑部 | |
| 215 | @a196页@d26cm | |
| 517 | 1 | @a办公室自动化必备软件@Aban gong shi zi dong hua bi bei ruan jian |
| 606 | 0 | @a软件 |
| 690 | @aTP319@v4 | |
| 701 | 0 | @a王亚平@Awang ya ping@4编著 |
| 801 | 0 | @aCN@b大连网信软件有限公司图书馆·11@c20081030 |
| 905 | @aBZT@dTP319@e46 | |
| 微机文书编辑汉字WORDSTAR教程:办公室自动化必备软件/王亚平编著.-西安:陕西电子编辑部 |
| 196页;26cm |
| ISBN 7-5606-0225-8:CNY13.80 |
| ● |
| 相关链接 |
|
|
|
正题名:微机文书编辑汉字WORDSTAR教程
索取号:TP319/46
 
预约/预借
| 序号 | 登录号 | 条形码 | 馆藏地/架位号 | 状态 | 备注 |
| 1 | 072823 | 201212099 | 中心书库中库/ 中库027架A面3列5层35/ [索取号:TP319/46] | 在馆 | |
| 2 | 072824 | 201212419 | 中心书库中库/ 中库027架A面3列5层33/ [索取号:TP319/46] | 在馆 | |
| 3 | 072825 | 201212115 | 中心书库中库/ 中库027架A面3列5层36/ [索取号:TP319/46] | 在馆 | |
| 4 | 072826 | 201212080 | 中心书库中库/ 中库027架A面3列5层34/ [索取号:TP319/46] | 在馆 |